Human resource development : (Record no. 85071)

MARC details
000 -LEADER
fixed length control field 00546nam a22001817a 4500
005 - DATE AND TIME OF LATEST TRANSACTION
control field 20140613122507.0
010 ## - LCCN (DPL NO)
LC control number ENG-110204
020 ## - INTERNATIONAL STANDARD BOOK NUMBER
International Standard Book Number 9788179981368
Terms of availability 295.00
035 ## - SYSTEM CONTROL NUMBER
System control number EN-93736
037 ## - SOURCE OF ACQUISITION
Source of stock number/acquisition DBAD/PUB
082 ## - DEWEY DECIMAL CLASSIFICATION NUMBER
Classification number 658.3
100 ## - MAIN ENTRY--PERSONAL NAME
Personal name Sudha, G.S.
245 ## - TITLE STATEMENT
Title Human resource development :
Statement of responsibility, etc by G.S. Sudha
Remainder of title with mini cases, problems and helpful hints /
260 ## - PUBLICATION, DISTRIBUTION, ETC. (IMPRINT)
Place of publication, distribution, etc Jaipur
Name of publisher, distributor, etc Malik and Co.
Date of publication, distribution, etc 2014
270 ## - ADDRESS
Address 337, Chaura Rasta
City Jaipur
Postal code 302003
300 ## - PHYSICAL DESCRIPTION
Extent xvi,388p.
Dimensions 23cm(pbk)
942 ## - ADDED ENTRY ELEMENTS (KOHA)
Source of classification or shelving scheme Dewey Decimal Classification
Item type English Books
Call number suffix SUD
Classification part 658.3
Holdings
Withdrawn status Lost status Not for loan Collection code Home library Current library Date acquired Source of acquisition Cost, normal purchase price Full call number Barcode Copy number Cost, replacement price Koha item type
    Not For Loan Non-fiction D.B.Act.Division D.B.Act.Division 12/06/2014 ENG-110204 295.00 658.3 SUD EN-93736 1 295.00 English Books

© Delhi Public Library
Hit Counter
free hit counter